[Event "ODJM A 2016"]
[Site "Willingen GER"]
[Date "2016.05.17"]
[Round "5"]
[White "Rose, Luis Stratos"]
[Black "Gorainow, Nikita"]
[Result "0-1"]
[Termination "normal"]
[Board "50"]
[WhiteElo "1385"]
[BlackElo "1779"]
[PlyCount "200"]
[WhiteFideId "12976008"]
[BlackFideId "12970093"]
[EventCountry "GER"]
[EventRounds "9"]
[EventType "swiss"]
[EventDate "2016.05.14"]

1. d4 f5 2. e4 fxe4 3. Nc3 Nf6 4. Bg5 c6 5. Bxf6 exf6 6. Nxe4 d5 7. Ng3 Bd6 8.
Bd3 O-O 9. N1e2 Bg4 10. Qd2 Na6 11. c3 Bxe2 12. Nxe2 Qd7 13. O-O Nc7 14. Ng3 f5
15. f4 g6 16. Ne2 Ne8 17. Kh1 Nf6 18. Ng1 Ne4 19. Qc1 Qg7 20. g3 c5 21. Nf3
cxd4 22. cxd4 Rac8 23. Qd1 Qf7 24. Ne5 Qe6 25. Bb5 Bxe5 26. dxe5 Rfd8 27. Ba4
Qb6 28. Qe2 d4 29. Bb5 a6 30. Bd3 Qc6 31. Kg1 b5 32. Rfe1 Nc5 33. Rac1 Qd5 34.
e6 Re8 35. e7 Rc7 36. Qe5 Qxe5 37. Rxe5 Nxd3 38. Rxc7 Nxe5 39. fxe5 Kf7 40. Rd7
Rxe7 41. Rxd4 Rxe5 42. Rd6 Rc5 43. Rxa6 Rc1+ 44. Kg2 Rc2+ 45. Kf3 Rxb2 46. h3
b4 47. Rb6 Ke7 48. g4 fxg4+ 49. Kxg4 Kd7 50. Kf3 Kc7 51. Rb5 Kc6 52. Ra5 Kb6
53. Ra8 Kc5 54. Ke4 Rh2 55. Rc8+ Kd6 56. Rd8+ Kc7 57. Rd3 Rxa2 58. Rb3 Ra3 59.
Rxb4 Rxh3 60. Rb5 Rh4+ 61. Kf3 Kd6 62. Kg3 Rc4 63. Rb7 Rc7 64. Rb6+ Ke7 65. Kg4
Kf7 66. Kg5 Kg7 67. Rb5 Rf7 68. Rc5 h6+ 69. Kg4 g5 70. Rc4 Kg6 71. Rc8 Rf6 72.
Rc4 h5+ 73. Kg3 g4 74. Rc3 Kg5 75. Rc5+ Rf5 76. Rc8 h4+ 77. Kg2 g3 78. Rg8+ Kh5
79. Kh3 Rg5 80. Rh8+ Kg6 81. Kg2 Rh5 82. Rg8+ Kf5 83. Rf8+ Kg4 84. Rg8+ Rg5 85.
Rh8 Rh5 86. Rg8+ Kf5 87. Rf8+ Ke6 88. Re8+ Kd7 89. Re2 Kd6 90. Kh3 Kd5 91. Re8
Kd4 92. Re7 Kd3 93. Re6 Kd2 94. Rd6+ Ke2 95. Re6+ Kf2 96. Rf6+ Kg1 97. Rg6 Kh1
98. Rd6 g2 99. Kg4 Rh8 100. Rd1+ g1=Q+ 0-1

[Event "ODJM A 2016"]
[Site "Willingen GER"]
[Date "2016.05.17"]
[Round "5"]
[White "Cejda, Moritz"]
[Black "Adelmeyer, Matti"]
[Result "1-0"]
[Termination "normal"]
[Board "51"]
[WhiteElo "1655"]
[BlackElo "1677"]
[PlyCount "47"]
[WhiteFideId "12925152"]
[BlackFideId "12962520"]
[EventCountry "GER"]
[EventRounds "9"]
[EventType "swiss"]
[EventDate "2016.05.14"]

1. d4 d5 2. Nf3 Nf6 3. e3 Bg4 4. Nbd2 e6 5. Bd3 c5 6. b3 a6 7. O-O b5 8. c4
bxc4 9. bxc4 Bd6 10. Qc2 Nbd7 11. Bb2 dxc4 12. Nxc4 Qc7 13. Nfe5 cxd4 14. exd4
Rb8 15. Rab1 Bh5 16. Nxd6+ Qxd6 17. Ba3 Qd5 18. Rxb8+ Nxb8 19. Rb1 Qd8 20. Bxa6
Nxa6 21. Qc6+ Nd7 22. Nxd7 Qxd7 23. Qxa6 Qc7 24. Rc1 1-0

[Event "ODJM A 2016"]
[Site "Willingen GER"]
[Date "2016.05.17"]
[Round "5"]
[White "Gallasch, Robin"]
[Black "Elier, Ali"]
[Result "1/2-1/2"]
[Termination "normal"]
[Board "52"]
[WhiteElo "1604"]
[BlackElo "1778"]
[PlyCount "63"]
[WhiteFideId "16222423"]
[BlackFideId "16217543"]
[EventCountry "GER"]
[EventRounds "9"]
[EventType "swiss"]
[EventDate "2016.05.14"]

1. d4 g6 2. c4 Bg7 3. Nf3 c5 4. e3 f5 5. Nc3 Nf6 6. Bd3 O-O 7. O-O d6 8. Re1
Nc6 9. d5 Nb4 10. h3 Nxd3 11. Qxd3 Qc7 12. Rb1 a6 13. b4 b6 14. Ba3 e6 15. Ng5
e5 16. bxc5 bxc5 17. Rb3 Re8 18. Reb1 h6 19. Ne6 Bxe6 20. dxe6 Rxe6 21. Nd5 Qa5
22. Nxf6+ Bxf6 23. Qd5 Rae8 24. Rb6 Kg7 25. Rxd6 Rxd6 26. Qxd6 Qxa3 27. Rb7+
Re7 28. Rxe7+ Bxe7 29. Qxe7+ Kg8 30. Qe6+ Kg7 31. Qxe5+ Kf7 32. Qd5+ 1/2-1/2

[Event "ODJM A 2016"]
[Site "Willingen GER"]
[Date "2016.05.17"]
[Round "5"]
[White "Leser, Stefan"]
[Black "Kublanov, Carolin"]
[Result "1/2-1/2"]
[Termination "normal"]
[Board "53"]
[WhiteElo "1708"]
[BlackElo "1541"]
[PlyCount "87"]
[WhiteFideId "12997706"]
[BlackFideId "12944548"]
[EventCountry "GER"]
[EventRounds "9"]
[EventType "swiss"]
[EventDate "2016.05.14"]

1. e4 e5 2. Nf3 Nc6 3. d4 exd4 4. Nxd4 Bc5 5. Nb3 Bb6 6. Nc3 d6 7. Qe2 Nf6 8.
Bg5 h6 9. Be3 O-O 10. O-O-O Re8 11. f3 Bd7 12. g4 d5 13. Nxd5 Nxd5 14. Rxd5 Nb4
15. Rd1 Nxa2+ 16. Kb1 Nb4 17. Nc5 Bxc5 18. Bxc5 a5 19. Bh3 Qg5 20. Qf2 Ba4 21.
b3 Bb5 22. f4 Qg6 23. f5 Qa6 24. Qd4 Bc6 25. Rhe1 b6 26. Bxb4 axb4 27. Qb2 Bxe4
28. Bf1 b5 29. Bd3 Bxd3 30. Rxe8+ Rxe8 31. cxd3 Qa3 32. Qxa3 bxa3 33. Rd2 b4
34. Rc2 Re1+ 35. Ka2 Rd1 36. Rc4 Rd2+ 37. Ka1 Rxd3 38. Rxb4 Kf8 39. Ka2 Rd2+
40. Kxa3 Rxh2 41. Rc4 Rg2 42. Rxc7 Rxg4 43. b4 Re4 44. b5 1/2-1/2

[Event "ODJM A 2016"]
[Site "Willingen GER"]
[Date "2016.05.17"]
[Round "5"]
[White "Fischer, Maxi"]
[Black "Walow, Xenia"]
[Result "0-1"]
[Termination "normal"]
[Board "54"]
[WhiteElo "1640"]
[BlackElo "1575"]
[PlyCount "72"]
[WhiteFideId "24692395"]
[BlackFideId "12971839"]
[EventCountry "GER"]
[EventRounds "9"]
[EventType "swiss"]
[EventDate "2016.05.14"]

1. e4 c5 2. Nf3 d6 3. d4 cxd4 4. Nxd4 Nf6 5. Nc3 a6 6. f3 g6 7. Be3 Bg7 8. Bc4
Qc7 9. Bb3 b5 10. Qd2 Nbd7 11. g4 Bb7 12. h4 Nc5 13. h5 e6 14. Ncxb5 axb5 15.
Nxb5 Qa5 16. Qxa5 Rxa5 17. Nxd6+ Ke7 18. Bxc5 Rxc5 19. Nxb7 Rb5 20. c4 Rxb7 21.
Rd1 Nd7 22. Rh2 Nc5 23. h6 Be5 24. Rc2 Nxb3 25. axb3 Rxb3 26. Ke2 Rhb8 27. c5
Rxb2 28. Rxb2 Rxb2+ 29. Ke3 Rc2 30. f4 Bc7 31. e5 Rxc5 32. g5 Bb6 33. Ke4 Rc4+
34. Kf3 Rc3+ 35. Kg4 Bf2 36. Rf1 Rg3+ 0-1

[Event "ODJM A 2016"]
[Site "Willingen GER"]
[Date "2016.05.17"]
[Round "5"]
[White "Troyke, Jannis"]
[Black "Usczeck, Alina"]
[Result "0-1"]
[Termination "normal"]
[Board "55"]
[WhiteElo "1760"]
[BlackElo "1655"]
[PlyCount "48"]
[WhiteFideId "12993115"]
[BlackFideId "12938114"]
[EventCountry "GER"]
[EventRounds "9"]
[EventType "swiss"]
[EventDate "2016.05.14"]

1. e4 c6 2. d4 d5 3. Nc3 dxe4 4. Nxe4 Nd7 5. Nf3 Ngf6 6. Ng3 e6 7. Bd3 c5 8.
O-O b6 9. Re1 Be7 10. c3 Bb7 11. Bf4 O-O 12. Qe2 Nd5 13. Bd2 cxd4 14. Nxd4 Nc5
15. Bc2 Ba6 16. Qf3 Qc7 17. b4 Nd7 18. Qe4 N7f6 19. Qf3 Rac8 20. Nh5 Nxh5 21.
Qxh5 Nf6 22. Qh3 Bd6 23. Bg5 Qxc3 24. Re3 Qxa1+ 0-1

[Event "ODJM A 2016"]
[Site "Willingen GER"]
[Date "2016.05.17"]
[Round "5"]
[White "Bilecen, Simon"]
[Black "Marx, Inga"]
[Result "0-1"]
[Termination "normal"]
[Board "56"]
[WhiteElo "1474"]
[BlackElo "1759"]
[PlyCount "82"]
[WhiteFideId "16225511"]
[BlackFideId "4654749"]
[EventCountry "GER"]
[EventRounds "9"]
[EventType "swiss"]
[EventDate "2016.05.14"]

1. e4 c6 2. d4 g6 3. Nc3 d5 4. e5 Bg7 5. f4 h5 6. Be3 Bg4 7. Be2 Bxe2 8. Qxe2
e6 9. Nf3 Nh6 10. Ng5 Nf5 11. a4 a5 12. Rb1 Na6 13. Nd1 Rc8 14. c3 Bf8 15. Bf2
Qd7 16. Ne3 Nxe3 17. Bxe3 c5 18. Qb5 Qxb5 19. axb5 Nc7 20. b6 Nb5 21. dxc5 Bxc5
22. Bxc5 Rxc5 23. b4 axb4 24. Rxb4 Nxc3 25. O-O Ke7 26. Ra1 Rb8 27. Nf3 Rc4 28.
Rxc4 dxc4 29. Kf2 Nd5 30. Nd4 Nxf4 31. Ra4 Nd3+ 32. Ke3 Nxe5 33. Ke4 f6 34. Ra7
Kd6 35. Ra5 Nd7 36. Rb5 e5 37. Rd5+ Ke7 38. Nb5 Nxb6 39. Rc5 Rc8 40. Rxc8 Nxc8
41. h3 Nd6+ 0-1

[Event "ODJM A 2016"]
[Site "Willingen GER"]
[Date "2016.05.17"]
[Round "5"]
[White "Wolf, Philipp"]
[Black "Rupp, Andreas"]
[Result "0-1"]
[Termination "normal"]
[Board "57"]
[WhiteElo "1592"]
[BlackElo "1562"]
[PlyCount "86"]
[WhiteFideId "12958948"]
[BlackFideId "16225503"]
[EventCountry "GER"]
[EventRounds "9"]
[EventType "swiss"]
[EventDate "2016.05.14"]

1. e4 e5 2. Nf3 Nc6 3. Bc4 Bc5 4. c3 Nf6 5. d4 exd4 6. O-O O-O 7. cxd4 Be7 8.
e5 Ne8 9. d5 Na5 10. Bd3 d6 11. b4 dxe5 12. a3 e4 13. Bxe4 Nd6 14. Bd3 Nac4 15.
Qc2 Nb6 16. Nc3 g6 17. Bh6 Re8 18. Rfe1 Bf5 19. Rad1 Bf6 20. Rxe8+ Qxe8 21.
Bxf5 Nxf5 22. Bf4 Qd7 23. Ne4 Bd8 24. d6 cxd6 25. Nxd6 Nxd6 26. Rxd6 Qe7 27.
Rd1 Rc8 28. Qb2 Bc7 29. Bh6 f6 30. Re1 Qf7 31. g3 Nc4 32. Qa1 Bd8 33. Rc1 b5
34. a4 a6 35. axb5 axb5 36. Be3 Qd5 37. Nh4 Ra8 38. Qc3 Ra3 39. Qe1 Nxe3 40.
fxe3 Bb6 41. Ng2 Qe5 42. Kf2 Ra2+ 43. Kf1 Qe4 0-1

[Event "ODJM A 2016"]
[Site "Willingen GER"]
[Date "2016.05.17"]
[Round "5"]
[White "Kast, Larissa"]
[Black "Paskalev, Vasil"]
[Result "0-1"]
[Termination "normal"]
[Board "58"]
[WhiteElo "1567"]
[BlackElo "1591"]
[PlyCount "66"]
[WhiteFideId "24699055"]
[BlackFideId "16212355"]
[EventCountry "GER"]
[EventRounds "9"]
[EventType "swiss"]
[EventDate "2016.05.14"]

1. e4 e5 2. Nf3 Nc6 3. d4 exd4 4. Bc4 Nf6 5. e5 d5 6. Bb5 Ne4 7. Nxd4 Bd7 8.
Bxc6 bxc6 9. O-O Bc5 10. f3 Ng5 11. f4 Ne4 12. Be3 Bb6 13. Nd2 Nxd2 14. Qxd2 c5
15. Nb3 d4 16. Bf2 Bc6 17. Qd3 Qd5 18. Qg3 O-O-O 19. Rfd1 g5 20. fxg5 h6 21.
Nd2 Rdg8 22. h4 hxg5 23. hxg5 f6 24. Nf3 fxg5 25. Re1 g4 26. Nh4 Rxh4 27. c4
Rgh8 28. Qxg4+ Rxg4 29. cxd5 Bxd5 30. a3 Rxg2+ 31. Kf1 Bf3 32. Bg1 Rh1 33. Re2
Rhxg1# 0-1

[Event "ODJM A 2016"]
[Site "Willingen GER"]
[Date "2016.05.17"]
[Round "5"]
[White "Hoppe, Nico"]
[Black "Riegel, Arinna"]
[Result "1/2-1/2"]
[Termination "normal"]
[Board "59"]
[WhiteElo "1459"]
[BlackElo "1695"]
[PlyCount "41"]
[WhiteFideId "16225520"]
[BlackFideId "12931446"]
[EventCountry "GER"]
[EventRounds "9"]
[EventType "swiss"]
[EventDate "2016.05.14"]

1. e4 d5 2. exd5 Qxd5 3. Nc3 Qd6 4. d4 Nf6 5. Bc4 c6 6. Nge2 Bf5 7. O-O e6 8.
Bf4 Qd8 9. Ng3 Bg6 10. Re1 Bd6 11. Bxd6 Qxd6 12. Nce4 Nxe4 13. Nxe4 Qc7 14. Ng5
Bf5 15. Bd3 Bxd3 16. Qxd3 h6 17. Nf3 O-O 18. c3 Nd7 19. Re2 Rfd8 20. Qc2 Nf6
21. Rae1 1/2-1/2

[Event "ODJM A 2016"]
[Site "Willingen GER"]
[Date "2016.05.17"]
[Round "5"]
[White "Schneider, Edward"]
[Black "Diegel, Jonas"]
[Result "0-1"]
[Termination "normal"]
[Board "60"]
[WhiteElo "1651"]
[BlackElo "1678"]
[PlyCount "56"]
[WhiteFideId "16200870"]
[BlackFideId "16206061"]
[EventCountry "GER"]
[EventRounds "9"]
[EventType "swiss"]
[EventDate "2016.05.14"]

1. e4 e6 2. d4 d5 3. exd5 exd5 4. Nf3 Bd6 5. c4 Nf6 6. Nc3 c6 7. c5 Be7 8. Bd3
b6 9. b4 a5 10. Ba3 O-O 11. O-O Bg4 12. h3 Bxf3 13. Qxf3 Nbd7 14. Rfb1 axb4 15.
Bxb4 bxc5 16. dxc5 Bxc5 17. Bxc5 Nxc5 18. Bf1 Ra3 19. Rd1 Nfe4 20. Rac1 d4 21.
Qg4 Rxc3 22. Rxc3 Nxc3 23. Rd2 N5e4 24. Rb2 d3 25. Qf3 d2 26. Be2 Nxe2+ 27.
Qxe2 d1=Q+ 28. Qxd1 Qxd1+ 0-1

[Event "ODJM A 2016"]
[Site "Willingen GER"]
[Date "2016.05.18"]
[Round "6"]
[White "Reuker, Jari"]
[Black "Wenninger, Philipp"]
[Result "0-1"]
[Termination "normal"]
[Board "1"]
[WhiteElo "2081"]
[BlackElo "2352"]
[WhiteClock "00:02:36"]
[BlackClock "00:02:18"]
[PlyCount "148"]
[WhiteFideId "12909300"]
[BlackFideId "4648404"]
[EventCountry "GER"]
[EventRounds "9"]
[EventType "swiss"]
[EventDate "2016.05.14"]

1. e4 c6 2. d4 d5 3. exd5 cxd5 4. c4 Nf6 5. Nc3 Nc6 6. Nf3 Bg4 7. cxd5 Nxd5 8.
Qb3 Bxf3 9. gxf3 Nb6 10. d5 Nd4 11. Bb5+ Nd7 12. Qa4 Nxb5 13. Nxb5 a6 14. Nc3
b5 15. Qd4 Qb6 16. Be3 Qxd4 17. Bxd4 Nf6 18. O-O-O O-O-O 19. Be5 b4 20. Na4 Kb7
21. d6 exd6 22. Bxf6 gxf6 23. Rd5 Rg8 24. Rh5 h6 25. Rd1 Rg5 26. Rh4 d5 27. Rf4
Be7 28. h4 Re5 29. Kd2 Rg8 30. Kd3 a5 31. Rc1 Rc8 32. Rg1 Rc7 33. Rg7 Re1 34.
Rxf7 Rd1+ 35. Ke3 Ra1 36. Rg4 Rxa2 37. Rgg7 Bd6 38. Rxc7+ Bxc7 39. Nc5+ Kc6 40.
Nd3 Be5 41. Rg6 Bxb2 42. Rxh6 Bc3 43. Rh8 Ra1 44. h5 Rh1 45. h6 f5 46. Rc8+ Kb6
47. Rb8+ Kc6 48. Rc8+ Kb7 49. Rc5 d4+ 50. Kf4 Kb6 51. Kg5 b3 52. Rc8 Kb7 53.
Rc5 Kb6 54. Rc8 Kb7 55. Rc5 a4 56. Rc4 b2 57. Nxb2 a3 58. Nd3 a2 59. Nc5+ Kb6
60. Nb3 a1=Q 61. Nxa1 Bxa1 62. Rc8 Kb5 63. Rd8 Kc4 64. Rc8+ Kb3 65. Rd8 Kc2 66.
Kxf5 d3 67. Kg6 d2 68. f4 d1=Q 69. Rxd1 Kxd1 70. f5 Rg1+ 71. Kf7 Rf1 72. h7
Rxf2 73. Kg6 Kc2 74. Kg5 Kd3 0-1

[Event "ODJM A 2016"]
[Site "Willingen GER"]
[Date "2016.05.18"]
[Round "6"]
[White "Holtel, Jasper"]
[Black "Meyer, Henrik"]
[Result "1/2-1/2"]
[Termination "normal"]
[Board "2"]
[WhiteTitle "FM"]
[WhiteElo "2269"]
[BlackElo "2068"]
[WhiteClock "00:22:16"]
[BlackClock "00:23:36"]
[PlyCount "41"]
[WhiteFideId "12956376"]
[BlackFideId "12958182"]
[EventCountry "GER"]
[EventRounds "9"]
[EventType "swiss"]
[EventDate "2016.05.14"]

1. e4 c5 2. c3 b6 3. d4 e6 4. Nf3 Bb7 5. Bd3 Nf6 6. e5 Ne4 7. O-O Be7 8. Re1 f5
9. exf6 Nxf6 10. Bg5 O-O 11. Ne5 Qe8 12. Nd2 cxd4 13. cxd4 Nc6 14. Ndf3 Nb4 15.
Bb5 Rd8 16. a3 Nbd5 17. Qe2 Nc7 18. Bd3 d6 19. Nc4 Qh5 20. Ncd2 Rf7 21. Rac1
1/2-1/2

[Event "ODJM A 2016"]
[Site "Willingen GER"]
[Date "2016.05.18"]
[Round "6"]
[White "Ramien, David"]
[Black "Hebbering, Tom Elliot"]
[Result "1/2-1/2"]
[Termination "normal"]
[Board "3"]
[WhiteElo "2107"]
[BlackElo "2189"]
[WhiteClock "01:06:12"]
[BlackClock "01:06:33"]
[PlyCount "40"]
[WhiteFideId "12948241"]
[BlackFideId "12901750"]
[EventCountry "GER"]
[EventRounds "9"]
[EventType "swiss"]
[EventDate "2016.05.14"]

1. e4 e5 2. Nf3 Nc6 3. Bc4 Bc5 4. c3 Nf6 5. d3 Bb6 6. Nbd2 d6 7. Bb3 Ne7 8. Nf1
Ng6 9. Ng3 h6 10. O-O Be6 11. d4 Bxb3 12. axb3 O-O 13. Re1 Re8 14. h3 c6 15.
Qc2 d5 16. Nxe5 Nxe5 17. dxe5 Nxe4 18. Nxe4 Rxe5 19. Bf4 Rxe4 20. Rxe4 dxe4
1/2-1/2

[Event "ODJM A 2016"]
[Site "Willingen GER"]
[Date "2016.05.18"]
[Round "6"]
[White "Syrov, Arkadi"]
[Black "Müller, Max"]
[Result "1/2-1/2"]
[Termination "normal"]
[Board "4"]
[WhiteElo "2114"]
[BlackElo "1960"]
[WhiteClock "00:26:38"]
[BlackClock "00:01:11"]
[PlyCount "81"]
[WhiteFideId "12942448"]
[BlackFideId "12900486"]
[EventCountry "GER"]
[EventRounds "9"]
[EventType "swiss"]
[EventDate "2016.05.14"]

1. d4 Nf6 2. Bg5 c5 3. d5 d6 4. Nc3 Nbd7 5. e4 g6 6. Qd2 Bg7 7. Bh6 O-O 8. f3
Ne5 9. h4 b5 10. Bxg7 Kxg7 11. h5 Qa5 12. hxg6 fxg6 13. Nxb5 Qb6 14. c4 a6 15.
Nc3 Bd7 16. Nh3 Rab8 17. O-O-O Qa5 18. Ng5 h5 19. b3 Rb4 20. f4 Neg4 21. f5
Rfb8 22. fxg6 Qa3+ 23. Kc2 a5 24. Qc1 Qxc1+ 25. Rxc1 a4 26. Rb1 Kxg6 27. Nf3
axb3+ 28. Rxb3 Rxb3 29. axb3 Ne3+ 30. Kb2 Nfg4 31. Rg1 Nxf1 32. Rxf1 Ne3 33.
Ra1 Nxc4+ 34. Kc2 Nb6 35. Ra7 e6 36. Kd2 e5 37. Kc2 Bg4 38. Nd2 Kg5 39. g3 Kf6
40. Kd3 Bh3 41. Rh7 1/2-1/2

[Event "ODJM A 2016"]
[Site "Willingen GER"]
[Date "2016.05.18"]
[Round "6"]
[White "Lutter, Maximilian"]
[Black "Meißner, Felix"]
[Result "0-1"]
[Termination "normal"]
[Board "5"]
[BlackTitle "FM"]
[WhiteElo "1896"]
[BlackElo "2287"]
[WhiteClock "00:28:22"]
[BlackClock "00:27:12"]
[PlyCount "88"]
[WhiteFideId "12934402"]
[BlackFideId "24671827"]
[EventCountry "GER"]
[EventRounds "9"]
[EventType "swiss"]
[EventDate "2016.05.14"]

1. c4 g6 2. d4 Bg7 3. Nc3 d6 4. g3 Nc6 5. Nf3 e5 6. dxe5 Nxe5 7. Nxe5 Bxe5 8.
Bg2 Ne7 9. O-O Bg7 10. Qa4+ Bd7 11. Qa3 Bc6 12. Bg5 Bxg2 13. Kxg2 h6 14. Qa4+
Qd7 15. Qxd7+ Kxd7 16. Bd2 Rhe8 17. Rad1 Nf5 18. e3 a6 19. a4 a5 20. b3 h5 21.
Nd5 Ra6 22. Bc3 Bxc3 23. Nxc3 Kc8 24. Rd3 Ng7 25. c5 dxc5 26. Rfd1 Rae6 27. Nb5
R6e7 28. Na3 b6 29. Nc4 f6 30. R1d2 Ne6 31. f4 Nd8 32. Kf3 Nc6 33. Rd1 Rd8 34.
Rxd8+ Nxd8 35. f5 g5 36. h4 g4+ 37. Kf4 Nc6 38. Rd5 Nb4 39. Rd2 Nc6 40. Rd5 Rd7
41. Rxd7 Kxd7 42. e4 Nd4 43. e5 Ne2+ 44. Ke3 Nxg3 0-1

[Event "ODJM A 2016"]
[Site "Willingen GER"]
[Date "2016.05.18"]
[Round "6"]
[White "Hesse, Henrik"]
[Black "Xu, Xianliang"]
[Result "0-1"]
[Termination "normal"]
[Board "6"]
[BlackTitle "FM"]
[WhiteElo "1922"]
[BlackElo "2273"]
[WhiteClock "00:00:31"]
[BlackClock "00:13:24"]
[PlyCount "47"]
[WhiteFideId "12952060"]
[BlackFideId "4603230"]
[EventCountry "GER"]
[EventRounds "9"]
[EventType "swiss"]
[EventDate "2016.05.14"]

1. d4 Nf6 2. c4 e5 3. Nf3 exd4 4. Nxd4 Nc6 5. Nc3 Bb4 6. e3 O-O 7. Be2 Re8 8.
O-O Bxc3 9. bxc3 b6 10. f3 Bb7 11. e4 Ne5 12. Bg5 h6 13. Bd2 d6 14. Nf5 Nfd7
15. g4 Nc5 16. Qe1 Ba6 17. Ne3 Qd7 18. Qg3 f6 19. Qh3 Qf7 20. Nf5 Bc8 21. Ne3
Be6 22. Rfe1 Bxc4 23. Bxc4 Nxc4 24. Bc1 0-1

[Event "ODJM A 2016"]
[Site "Willingen GER"]
[Date "2016.05.18"]
[Round "6"]
[White "Greßmann, Moritz"]
[Black "Hartmann, Jakob"]
[Result "1-0"]
[Termination "normal"]
[Board "7"]
[WhiteElo "2206"]
[BlackElo "1983"]
[WhiteClock "00:51:14"]
[BlackClock "00:01:07"]
[PlyCount "55"]
[WhiteFideId "24695084"]
[BlackFideId "12918067"]
[EventCountry "GER"]
[EventRounds "9"]
[EventType "swiss"]
[EventDate "2016.05.14"]

1. Nf3 d5 2. c4 d4 3. d3 c5 4. g3 Nc6 5. Bg2 g6 6. h4 h5 7. Ng5 Nf6 8. Nd2 Bg7
9. Nde4 O-O 10. Nxf6+ exf6 11. Ne4 Re8 12. O-O Qe7 13. Bf4 Ne5 14. e3 Bf5 15.
exd4 Nxd3 16. Bd6 Qe6 17. d5 Qd7 18. Nxc5 Qxd6 19. Nxd3 b6 20. Nf4 Be4 21. Rc1
Bxg2 22. Nxg2 f5 23. Rc2 Re4 24. Re1 Rae8 25. Rxe4 Rxe4 26. Qd2 Bd4 27. Kh2 a5
28. f3 1-0

[Event "ODJM A 2016"]
[Site "Willingen GER"]
[Date "2016.05.18"]
[Round "6"]
[White "Böhning, Kilian"]
[Black "Knudsen, Simon"]
[Result "1-0"]
[Termination "normal"]
[Board "8"]
[WhiteElo "2229"]
[BlackElo "1907"]
[WhiteClock "00:11:06"]
[BlackClock "00:52:01"]
[PlyCount "49"]
[WhiteFideId "1270499"]
[BlackFideId "12985546"]
[EventCountry "GER"]
[EventRounds "9"]
[EventType "swiss"]
[EventDate "2016.05.14"]

1. e4 c5 2. a3 g6 3. Bc4 Nc6 4. Nf3 Bg7 5. O-O e6 6. Re1 d6 7. c3 Qc7 8. d3
Nge7 9. Nbd2 O-O 10. Nf1 d5 11. Ba2 dxe4 12. dxe4 b6 13. Bg5 Bb7 14. Qc1 Rfd8
15. Ne3 h5 16. a4 Kh7 17. Nc4 f6 18. Bxf6 Bxf6 19. e5 Bg7 20. Ng5+ Kh8 21. Nxe6
Qd7 22. Nd6 Ng8 23. Nf4 Kh7 24. Nxg6 Nh6 25. Qc2 1-0

[Event "ODJM A 2016"]
[Site "Willingen GER"]
[Date "2016.05.18"]
[Round "6"]
[White "Bohlsen, Linus"]
[Black "Quante, Lennart"]
[Result "0-1"]
[Termination "normal"]
[Board "9"]
[WhiteElo "2168"]
[BlackElo "2062"]
[PlyCount "66"]
[WhiteFideId "12958093"]
[BlackFideId "12979627"]
[EventCountry "GER"]
[EventRounds "9"]
[EventType "swiss"]
[EventDate "2016.05.14"]

1. d4 Nf6 2. c4 g6 3. f3 d5 4. cxd5 Nxd5 5. e4 Nb6 6. Nc3 Bg7 7. Be3 O-O 8. Qd2
Nc6 9. O-O-O Qd6 10. Nb5 Qd7 11. f4 Qe6 12. d5 Qxe4 13. dxc6 Bf5 14. Bd3 Qxc6+
15. Qc2 Bxd3 16. Qxc6 bxc6 17. Nxc7 Rad8 18. Bxb6 axb6 19. Nf3 Be2 20. Rxd8
Rxd8 21. Ng5 h6 22. Re1 Bc4 23. b3 Bxb3 24. axb3 hxg5 25. fxg5 Rd7 26. Ne8 Bd4
27. Re4 c5 28. h4 Kf8 29. g4 Kxe8 30. h5 gxh5 31. gxh5 Rd5 32. h6 Rxg5 33. h7
Rh5 0-1

[Event "ODJM A 2016"]
[Site "Willingen GER"]
[Date "2016.05.18"]
[Round "6"]
[White "Ciolek, Andreas"]
[Black "Wanner, Lukas"]
[Result "1-0"]
[Termination "normal"]
[Board "10"]
[WhiteElo "2102"]
[BlackElo "2004"]
[PlyCount "71"]
[WhiteFideId "12906727"]
[BlackFideId "12918148"]
[EventCountry "GER"]
[EventRounds "9"]
[EventType "swiss"]
[EventDate "2016.05.14"]

1. e4 c5 2. Nf3 g6 3. d4 cxd4 4. Nxd4 Bg7 5. c4 Nc6 6. Nc2 Qb6 7. Nc3 Bxc3+ 8.
bxc3 Qa5 9. Bd2 Nf6 10. f3 d6 11. Be2 Be6 12. Ne3 Rc8 13. Nd5 Nd7 14. f4 Nc5
15. Qc2 f5 16. Bd3 Nxd3+ 17. Qxd3 fxe4 18. Qxe4 Bf5 19. Qe2 O-O 20. g4 Bd7 21.
O-O e6 22. Ne3 Qc5 23. Rab1 Na5 24. Rb4 e5 25. f5 gxf5 26. gxf5 Kh8 27. h4 a6
28. Kh2 Bc6 29. f6 Rc7 30. Ng4 e4 31. Bh6 Rff7 32. Bg7+ Rxg7 33. fxg7+ Rxg7 34.
Rf8+ Rg8 35. Qf1 Rxf8 36. Qxf8# 1-0

[Event "ODJM A 2016"]
[Site "Willingen GER"]
[Date "2016.05.18"]
[Round "6"]
[White "Wachinger, David"]
[Black "Balazs, Balint"]
[Result "0-1"]
[Termination "normal"]
[Board "11"]
[WhiteElo "1944"]
[BlackElo "2145"]
[PlyCount "72"]
[WhiteFideId "24692689"]
[BlackFideId "12922757"]
[EventCountry "GER"]
[EventRounds "9"]
[EventType "swiss"]
[EventDate "2016.05.14"]

1. e4 g6 2. d4 Bg7 3. Nc3 d6 4. f4 Nf6 5. Nf3 O-O 6. e5 dxe5 7. fxe5 Nd5 8. Bc4
Be6 9. Nxd5 Bxd5 10. Bxd5 Qxd5 11. Qe2 e6 12. c4 Qd7 13. O-O c5 14. Be3 Nc6 15.
Rad1 cxd4 16. Nxd4 Qc7 17. Nb5 Qxe5 18. Qf2 a6 19. Nd6 Rad8 20. c5 f5 21. Rde1
Qxb2 22. Qxb2 Bxb2 23. Rb1 Bd4 24. Bxd4 Nxd4 25. Rxb7 e5 26. Rd1 f4 27. Re7
Ne2+ 28. Kf2 Nc3 29. Re1 Nxa2 30. R1xe5 Nb4 31. Re2 Nd3+ 32. Kf3 Nxc5 33. Nc4
Rd3+ 34. Kf2 Rc3 35. Ne5 a5 36. Ng4 Nd3+ 0-1

[Event "ODJM A 2016"]
[Site "Willingen GER"]
[Date "2016.05.18"]
[Round "6"]
[White "Marx, Joschka"]
[Black "Borchert, Louis"]
[Result "0-1"]
[Termination "normal"]
[Board "12"]
[WhiteElo "2039"]
[BlackElo "1774"]
[PlyCount "152"]
[WhiteFideId "24645869"]
[BlackFideId "12990680"]
[EventCountry "GER"]
[EventRounds "9"]
[EventType "swiss"]
[EventDate "2016.05.14"]

1. Nf3 d5 2. g3 Nf6 3. Bg2 e6 4. d3 Be7 5. Nbd2 b6 6. O-O Bb7 7. e4 O-O 8. e5
Nfd7 9. Re1 c5 10. Nf1 Nc6 11. h4 Qc7 12. Bf4 Nd4 13. N1h2 Nxf3+ 14. Qxf3 Rfe8
15. h5 Rab8 16. Qg4 Bf8 17. Nf3 Qc6 18. Bg5 Rbc8 19. Nh4 Kh8 20. c4 Qc7 21. Bf4
dxc4 22. Bxb7 Qxb7 23. dxc4 Nb8 24. Bg5 Be7 25. h6 g6 26. Nf3 Kg8 27. Qf4 Rcd8
28. Rad1 Nc6 29. Bxe7 Qxe7 30. Ng5 Rd4 31. Rxd4 Nxd4 32. Ne4 Rd8 33. Nf6+ Kh8
34. Ne4 Nf5 35. g4 Qh4 36. Qg5 Qxg5 37. Nxg5 Nxh6 38. f3 Kg7 39. Re2 Ng8 40.
Ne4 Rd4 41. b3 Ne7 42. Nd6 h6 43. Kf2 Nc6 44. Nb5 Rd3 45. Kg2 Kf8 46. f4 Ke7
47. Nd6 Nd4 48. Rf2 Nc6 49. Re2 Rd4 50. Kg3 f6 51. exf6+ Kxf6 52. g5+ hxg5 53.
Ne4+ Kf5 54. Nxg5 Rxf4 55. Nxe6 Rg4+ 56. Kf2 Re4 57. Ng7+ Ke5 58. Rd2 Nd4 59.
Ne8 Rf4+ 60. Kg3 Rf7 61. Rd1 Nf5+ 62. Kh3 Re7 63. Re1+ Kf4 64. Rf1+ Ke3 65. Nf6
Ke2 66. Rg1 Rg7 67. Nd5 Rh7+ 68. Kg4 Ne3+ 69. Nxe3 Kxe3 70. Kg5 Rh2 71. Kxg6
Rxa2 72. Kf5 Kd3 73. Ke5 Kc3 74. Rg3+ Kb4 75. Kd5 Ra3 76. Rg7 Kxb3 0-1